000
00311 a2200145 4500
001
170409
020
_a
040
_c
Magnum
100
_a
Ashworth, Julie
240
1
0
_a
Jack and the beanstalk
_l
ING
245
1
0
_a
Jack and the beanstalk
362
0
_a
1899
697
_a
LITERATURA ESTRANGEIRA
942
_c
BK
999
_c
170409
_d
170409